GRWM - Lorde (All Lyrics) - Statistics

General Stats
  • This quiz has been taken 39 times
  • The average score is 155 of 193
Answer Stats
Lyrics % Correct
A
100%
a
100%
a,
100%
(A
100%
grown
100%
I
100%
who
100%
woman
100%
woman,
100%
woman)
100%
baby
94%
be
94%
in
94%
(Ma
94%
tee
94%
ah
88%
ah,
88%
(Ah)
88%
hips,
88%
my
88%
so
88%
(So
88%
Wide
88%
you
88%
for
82%
trauma
82%
when
82%
'96
76%
'96,
76%
been
76%
Been
76%
it
76%
looking
76%
mama's
76%
off
76%
oh)
76%
Skin
76%
Soap,
76%
the
76%
wanna
76%
washing
76%
chest
71%
finally
71%
him
71%
I've
71%
lips,
71%
Since
71%
to
71%
2009
65%
impressed
65%
impressed,
65%
know
65%
light,
65%
Maybe
65%
me'd
65%
not
65%
scarred,
65%
soft
65%
you'll
65%
chipped,
59%
forward
59%
from
59%
Girl's
59%
Keeping
59%
tooth
59%
undressed
59%
galaxy
53%
guess
53%
left
53%
Pink
53%
riverbed,
53%
stone
53%
Back
47%
head
47%
Jumping
47%
overthinkin'
47%
went
47%
spirits
41%
stolen
41%
straight
41%
can't
29%
find
24%
massive)
12%
No matching quizzes found
Score Distribution
Percent of People with Each Score
Percentile by Number Answered
Your Score History
You have not taken this quiz